Надежность технологических систем в машиностроении: сборник трудов; учебное пособие

Detalles Bibliográficos
Autor Corporativo: Московский государственный технологический университет "Станкин" (МГТУ)
Otros Autores: Григорьев С. Н. (редактор)
Sumario:Сборник включает труды ведущих ученых и инженеров МГТУ "Станкин", посвященные повышению надежности технологических систем путем диагностирования и контроля технологических процессов механообработки, металлообрабатывающего оборудования и инструмента. В настоящее время роль технической диагностики стремительно возрастает. Это связано с ростом уровня автоматизации технологических процессов и со снижением возможностей управления этими процессами со стороны человека. На основе разработок МГТУ «Станкин» создана методология внедрения автоматизированных систем технического диагностирования и контроля в машиностроение. Достижения научных школ МГТУ «Станкин» в области информатики и материального обеспечения сложных управляющих систем позволяют перейти на новый уровень технической диагностики, включая создание интеллектуальных систем анализа ситуаций и высоконадежного контроля. Сборник предназначен для технологов машиностроения, конструкторов станков и инструмента. Может быть полезен студентам технических университетов при обучении по направлению подготовки "Конструкторско - технологическое обеспечение машиностроительных производств"
Lenguaje:ruso
Publicado: Москва, ИТО, 2011
Colección:Технология, оборудование и автоматизация машиностроительных производств
Materias:
Formato: MixedMaterials Libro
KOHA link:https://koha.lib.tpu.ru/cgi-bin/koha/opac-detail.pl?biblionumber=212753

MARC

LEADER 00000nam0a2200000 4500
001 212753
005 20231101225758.0
035 |a (RuTPU)RU\TPU\book\232432 
090 |a 212753 
100 |a 20120402d2011 m y0rusy50 ca 
101 0 |a rus 
102 |a RU 
105 |a a j 001zy 
200 1 |a Надежность технологических систем в машиностроении  |e сборник трудов  |e учебное пособие  |f Московский государственный технологический университет "Станкин" (МГТУ); под ред. С. Н. Григорьева 
210 |a Москва  |c ИТО  |d 2011 
215 |a 244 с.  |c ил. 
225 1 |a Технология, оборудование и автоматизация машиностроительных производств 
320 |a Библиография в конце глав. 
330 |a Сборник включает труды ведущих ученых и инженеров МГТУ "Станкин", посвященные повышению надежности технологических систем путем диагностирования и контроля технологических процессов механообработки, металлообрабатывающего оборудования и инструмента. В настоящее время роль технической диагностики стремительно возрастает. Это связано с ростом уровня автоматизации технологических процессов и со снижением возможностей управления этими процессами со стороны человека. На основе разработок МГТУ «Станкин» создана методология внедрения автоматизированных систем технического диагностирования и контроля в машиностроение. Достижения научных школ МГТУ «Станкин» в области информатики и материального обеспечения сложных управляющих систем позволяют перейти на новый уровень технической диагностики, включая создание интеллектуальных систем анализа ситуаций и высоконадежного контроля. Сборник предназначен для технологов машиностроения, конструкторов станков и инструмента. Может быть полезен студентам технических университетов при обучении по направлению подготовки "Конструкторско - технологическое обеспечение машиностроительных производств" 
606 1 |a Металлорежущие станки  |x Металлообработка  |x Технический контроль  |2 stltpush  |3 (RuTPU)RU\TPU\subj\42611  |9 62270 
610 1 |a машиностроение 
610 1 |a технологические системы 
610 1 |a обработанные поверхности 
610 1 |a качество 
610 1 |a диагностика 
610 1 |a резание 
610 1 |a аттракторы 
610 1 |a металлообрабатывающие инструменты 
610 1 |a динамические характеристики 
610 1 |a виброакустические испытания 
610 1 |a станки с ЧПУ 
610 1 |a адаптивное управление 
610 1 |a диагностические системы 
610 1 |a оснащение 
610 1 |a токарные станки 
610 1 |a диагностирование 
610 1 |a автоматизированные системы 
610 1 |a портативные мобильные комплексы 
610 1 |a шпидельные узлы 
610 1 |a труды 
610 1 |a учебные пособия 
675 |a 621.9.06.08(075.8)  |v 3 
702 1 |a Григорьев  |b С. Н.  |4 340 
712 0 2 |a Московский государственный технологический университет "Станкин" (МГТУ)  |c (1992- )  |2 stltpush  |3 (RuTPU)RU\TPU\col\410 
801 1 |a RU  |b 63413507  |c 20120402 
801 2 |a RU  |b 63413507  |c 20150618  |g RCR 
942 |c BK 
959 |a 49/20120402  |d 5  |e 740,00  |f ЧЗТЛ:1  |f АНЛ:1  |f УФ:3